000 01180nam a2200301Ia 4500
003 OSt
005 20221005110614.0
006 a|||||r|||| 00| 0
007 ta
008 221004b |||||||| |||| 00| 0 hin d
020 _a9788126330218 (hbk)
_cINR 360.00
024 _a37072
037 _bBW/1695, 15/03/2018, Bookwell
_cTextual
040 _aCRL
_cCRL
_bhin
041 _2hin
_ahin
082 _aO152,8N24x, Q7
100 _aपरसाई, हरिशंकर, ले.
245 0 _aप्रेमचन्द के फटे जूते
246 _aPremachanda ke faṭe jūte
250 _aसंस्करण 11
260 _aनई दिल्ली
_bभारतीय ज्ञानपीठ भारत
_c2017
300 _a323पृ0
_ccm.
490 _aलोकोदय ग्रन्थमाला; ग्रन्थांक 705
650 _a हिन्दी साहित्य
650 _aहिन्दी हास्य व्यग्ंय
942 _hO152,8N24x, Q7
_cTEXL
_2cc
999 _c1019331
_d1019331